Podróż z USA do Chin - Statystyki

Ogólne statystyki
  • Ten quiz został rozwiązany 633 razy
  • Średni wynik to 8 z 9
Statystyki odpowiedzi
Zagadnienie Odpowiedź % Poprawnych
idziesz do kraju ze stolicą o nazwie Moskwa Rosja
98%
Płyniesz łodzią do kraju europejskiego najbliżej Grenlandi Islandia
96%
Jesteś w USA idziesz do najbliższego kraju na południe Meksyk
94%
Idziesz do kraju z którego słyną zegarki i czekolada Szwajcaria
93%
Idziesz do stolicy Uni Europejskiej Belgia
92%
Idziesz do kraju który jest "stanem" na litere K Kazachstan
89%
I koniec wyprawy Chiny
83%
idziesz do kraju skandynawskiego położonego na północy Norwegia
83%
Jedziesz do kraju z którego słynie siadanie w przedszkolu Turcja
72%
Nie znaleziono quizów pasujących do podanych kryteriów
Rozkład punktacji
Procent ludzi z każdym wynikiem
Percentyl według liczby udzielonych odpowiedzi
Twoja historia wyników
Nie rozwiązałeś tego quizu